000 00401nam a2200181Ia 4500
001 9542
005 20260306161726.0
008 260306t1994||||xx |||||||||||||| ||spa||
041 _aESP
082 _a382
_bC T. 3
100 _aJarillo, José Carlos
_eAUT
245 0 _aEstrategia internacional
260 _c1994
300 _a
_c
650 _aGEN
654 _aCAN
942 _cLIB
_dJUS
_fJUS
_2ddc
_n
999 _c9542
_d9542